[Event "ch-USA"]
[Site "Saint Louis USA"]
[Date "2009.05.17"]
[Round "9"]
[White "Ehlvest, J."]
[Black "Kamsky, G."]
[Result "1/2-1/2"]
[WhiteElo "2606"]
[BlackElo "2720"]
[PlyCount "114"]
[EventDate "2009.05.08"]

1. e4 e5 2. Nf3 Nc6 3. Bb5 Nf6 4. Nc3 Nd4 5. Nxd4 exd4 6. e5 dxc3 7. exf6 Qxf6
8. dxc3 c6 9. Bd3 Bc5 10. O-O d6 11. Re1+ Be6 12. Be3 Bxe3 13. Rxe3 O-O-O 14.
Qh5 h6 15. Rae1 Rde8 16. Qa5 Kb8 17. Qa3 Bd7 18. Qa4 Re5 19. f4 Rxe3 20. Rxe3
Re8 21. Rxe8+ Bxe8 22. Qd4 Qe7 23. Kf1 f6 24. Kf2 Bf7 25. a3 Bd5 26. g3 Bf7 27.
Bf5 Qd8 28. Bd3 Be6 29. Qe3 Qd7 30. Bg6 a6 31. Bd3 c5 32. Be4 g5 33. Ke1 Bf7
34. Bg2 Bg6 35. Kd2 Ka7 36. Qf3 Qe7 37. c4 Bf7 38. b3 Bg6 39. Qd5 gxf4 40. gxf4
Be8 41. Qd3 Qg7 42. Qg3 Qh7 43. Qd3 Qg6 44. Qxg6 Bxg6 45. c3 Kb6 46. b4 Be8 47.
Ke3 Kc7 48. Be4 b6 49. Bf3 Ba4 50. Be2 Kd7 51. Bd3 Bb3 52. Kf3 Ke6 53. Ke3 a5
54. Kf3 Bd1+ 55. Ke3 Bg4 56. Kf2 Ke7 57. Kf1 Be6 1/2-1/2

[Event "ch-USA"]
[Site "Saint Louis USA"]
[Date "2009.05.17"]
[Round "9"]
[White "Hughes, T."]
[Black "Eckert, D."]
[Result "1-0"]
[WhiteElo "2230"]
[BlackElo "2275"]
[PlyCount "53"]
[EventDate "2009.05.08"]

1. d4 Nf6 2. c4 g6 3. Nc3 d5 4. cxd5 Nxd5 5. e4 Nxc3 6. bxc3 Bg7 7. Qa4+ c6 8.
Nf3 O-O 9. Qa3 b6 10. Bg5 Re8 11. Be2 Qd6 12. Qb2 c5 13. Rd1 Bb7 14. e5 Qc7 15.
O-O Nd7 16. Qd2 Rad8 17. Qe3 f6 18. Bh4 fxe5 19. Bc4+ Kh8 20. Ng5 h6 21. Ne6
Qc6 22. d5 Qd6 23. Bg3 Rf8 24. Bb5 c4 25. Bxd7 Qxd7 26. Bxe5 Bxe5 27. Qxh6+ 1-0

[Event "ch-USA"]
[Site "Saint Louis USA"]
[Date "2009.05.17"]
[Round "9"]
[White "Nakamura, Hi"]
[Black "Friedel, J."]
[Result "1-0"]
[WhiteElo "2701"]
[BlackElo "2516"]
[PlyCount "43"]
[EventDate "2009.05.08"]

1. e4 e5 2. Nf3 Nc6 3. Bc4 Nf6 4. Ng5 d5 5. exd5 Na5 6. Bb5+ c6 7. dxc6 bxc6 8.
Bd3 Be7 9. Nc3 O-O 10. O-O Rb8 11. h3 c5 12. b3 Rb4 13. Re1 Bb7 14. Ba3 Rf4 15.
g3 Rd4 16. Nf3 Rxd3 17. cxd3 Qxd3 18. Nxe5 Qf5 19. g4 Qf4 20. d4 Rd8 21. Qe2
Rxd4 22. Bc1 1-0

[Event "ch-USA"]
[Site "Saint Louis USA"]
[Date "2009.05.17"]
[Round "9"]
[White "Becerra Rivero, J."]
[Black "Khachiyan, M."]
[Result "1/2-1/2"]
[WhiteElo "2609"]
[BlackElo "2546"]
[PlyCount "39"]
[EventDate "2009.05.08"]

1. e4 e5 2. Nf3 Nf6 3. d4 Nxe4 4. Bd3 d5 5. Nxe5 Nd7 6. Nxf7 Qe7 7. Nxh8 Nc3+
8. Kd2 Nxd1 9. Re1 Nxf2 10. Bxh7 Ne4+ 11. Rxe4 dxe4 12. Bg6+ Kd8 13. Nf7+ Ke8
14. Nd6+ Kd8 15. Nf7+ Ke8 16. Nd6+ Kd8 17. Nf7+ Ke8 18. Nd6+ Kd8 19. Nf7+ Ke8
20. Nd6+ 1/2-1/2

[Event "ch-USA"]
[Site "Saint Louis USA"]
[Date "2009.05.17"]
[Round "9"]
[White "Shankland, S."]
[Black "Gulko, B."]
[Result "0-1"]
[WhiteElo "2446"]
[BlackElo "2561"]
[PlyCount "70"]
[EventDate "2009.05.08"]

1. e4 c5 2. Nf3 d6 3. d4 cxd4 4. Nxd4 Nf6 5. Nc3 Nc6 6. Bg5 e6 7. Qd2 Be7 8.
O-O-O O-O 9. f4 h6 10. h4 Nxd4 11. Qxd4 Qa5 12. Qe3 Qc5 13. Qxc5 dxc5 14. Bxf6
gxf6 15. Be2 b6 16. Bf3 a6 17. e5 Ra7 18. Ne4 fxe5 19. fxe5 Kg7 20. g4 Rd7 21.
Rde1 Bb7 22. g5 hxg5 23. hxg5 Rh8 24. Nf6 Bxf3 25. Rxh8 Bxf6 26. Rh3 Bxg5+ 27.
Kb1 Rd1+ 28. Rxd1 Bxd1 29. Rd3 Be2 30. Rd6 Bf4 31. Rxb6 Bxe5 32. Rc6 Bd4 33. c3
Bd3+ 34. Kc1 Be3+ 35. Kd1 e5 0-1

[Event "ch-USA"]
[Site "Saint Louis USA"]
[Date "2009.05.17"]
[Round "9"]
[White "Benjamin, Joe"]
[Black "Shabalov, A."]
[Result "1/2-1/2"]
[WhiteElo "2583"]
[BlackElo "2569"]
[PlyCount "111"]
[EventDate "2009.05.08"]

1. e4 c5 2. Nf3 d6 3. Bb5+ Nd7 4. c3 Ngf6 5. Qe2 a6 6. Ba4 Qc7 7. O-O c4 8. Bc2
e6 9. b3 b5 10. bxc4 bxc4 11. Na3 Nb6 12. Rb1 Be7 13. d4 cxd3 14. Qxd3 O-O 15.
Bg5 Rd8 16. Rfd1 Bb7 17. Qe3 Nbd7 18. Nc4 Rab8 19. Qe2 a5 20. Na3 h6 21. Nb5
Ba6 22. Bd2 Nc5 23. c4 Bxb5 24. cxb5 e5 25. a4 Rd7 26. Rbc1 Bd8 27. Be3 Rc8 28.
Bb1 Qa7 29. Nd2 Qb8 30. Bxc5 dxc5 31. Nc4 Rd4 32. Bc2 Nd7 33. g3 Nf8 34. Bb3
Ne6 35. f3 Qc7 36. Kg2 Bg5 37. Rb1 Rcd8 38. Qa2 R8d7 39. Qe2 Qd8 40. Kf1 Rxd1+
41. Rxd1 Nd4 42. Nxe5 Qc7 43. f4 Bf6 44. Qh5 Bxe5 45. Qxe5 Qc8 46. Bd5 Rxd5 47.
Qxd5 Qh3+ 48. Kg1 Ne2+ 49. Kf2 Qxh2+ 50. Kf3 Nxg3 51. Qxc5 Qe2+ 52. Kxg3 Qxd1
53. b6 Qd3+ 54. Kf2 Qd2+ 55. Kf3 Qd1+ 56. Kf2 1/2-1/2

[Event "ch-USA"]
[Site "Saint Louis USA"]
[Date "2009.05.17"]
[Round "9"]
[White "Sevillano, E."]
[Black "Christiansen, L."]
[Result "0-1"]
[WhiteElo "2520"]
[BlackElo "2588"]
[PlyCount "76"]
[EventDate "2009.05.08"]

1. e4 e5 2. Nf3 d6 3. d4 exd4 4. Nxd4 Nf6 5. Nc3 Be7 6. Be2 O-O 7. O-O Re8 8.
Re1 c6 9. Bf4 Bf8 10. Bf1 Nbd7 11. Nb3 Ne5 12. Bg3 Qb6 13. h3 a5 14. Rb1 a4 15.
Nd2 g6 16. Be2 a3 17. Nb3 axb2 18. Rxb2 Be6 19. Qd4 c5 20. Qe3 Nc4 21. Bxc4
Bxc4 22. Reb1 Qc7 23. Nd2 Ba6 24. Bh4 Bg7 25. Qf3 Re6 26. Nd5 Nxd5 27. exd5 Re5
28. Ne4 f5 29. Ng5 Qe7 30. Qd1 Bf6 31. f4 Re2 32. Rxb7 Qe3+ 33. Kh1 Bxb7 34.
Rxb7 Bxg5 35. fxg5 Qe4 36. Qf1 Re8 37. Bg3 Qxd5 38. Rc7 f4 0-1

[Event "ch-USA"]
[Site "Saint Louis USA"]
[Date "2009.05.17"]
[Round "9"]
[White "Ibragimov, I."]
[Black "Brooks, M."]
[Result "1-0"]
[WhiteElo "2586"]
[BlackElo "2463"]
[PlyCount "83"]
[EventDate "2009.05.08"]

1. d4 Nf6 2. c4 e6 3. Nf3 Ne4 4. e3 Bb4+ 5. Nbd2 b6 6. Bd3 Bxd2+ 7. Nxd2 Nxd2
8. Bxd2 Bb7 9. e4 O-O 10. Qh5 f6 11. O-O-O Qe8 12. Qh3 e5 13. d5 d6 14. f4 Nd7
15. f5 Nc5 16. g4 Qa4 17. Kb1 Ba6 18. Bc2 Qxc4 19. b3 Qb5 20. g5 fxg5 21. Bxg5
Rf7 22. Rhg1 Kh8 23. Rg4 Nd7 24. Rdg1 Qc5 25. R4g3 Raf8 26. Qg2 Rg8 27. Bh6 Nf6
28. Rxg7 Qxg1+ 29. Qxg1 Rfxg7 30. Bxg7+ Rxg7 31. Qe1 Kg8 32. Qc3 Bb5 33. a4 Be8
34. b4 a6 35. Qd3 a5 36. bxa5 bxa5 37. Qc3 Bxa4 38. Bxa4 Nxe4 39. Qxa5 Re7 40.
Qe1 Nf6 41. Qh4 Kf7 42. Bd1 1-0